LEADER 00929nam0-22003011i-450- 001 990007453840403321 005 20030804132352.0 010 $a88-14-10217-1 035 $a000745384 035 $aFED01000745384 035 $a(Aleph)000745384FED01 035 $a000745384 100 $a20030804d2003----km-y0itay50------ba 101 0 $aita 102 $aIT 105 $ay---a---001yy 200 1 $a<>professioni intellettuali$eil cammino che le ha rese protagoniste dell'evoluzione della società lungo il percorso formativo, deontologico e di servizio$fFrancesco Rabotti 210 $aMilano$cGiuffrè$d2003 215 $aXVIII, 105 p.$d23 cm 676 $a344.4501712$v20$zita 700 1$aRabotti,$bFrancesco$0269353 801 0$aIT$bUNINA$gRICA$2UNIMARC 901 $aBK 912 $a990007453840403321 952 $aSOC-115$fDDRC 959 $aDDRC 996 $aProfessioni intellettuali$9679413 997 $aUNINA LEADER 01510nam a2200349 i 4500 001 991000684139707536 005 20020507172232.0 008 950626s1981 ne ||| | eng 020 $a0444861319 035 $ab10742840-39ule_inst 035 $aLE01300678$9ExL 040 $aDip.to Matematica$beng 082 0 $a515.35 084 $aAMS 35-XX 084 $aLC QA370 100 1 $aFrank, Leonid S.$042493 245 10$aAnalytical and numerical approaches to asymptotic problems in analysis :$bproceedings of the Conference on Analytical and Numerical approaches to Asymptotic Problems, University of Nijmegen, the Netherlands, June 9-13, 1980 /$cedited by O. Axelsson, L.S. Frank, and A. van der Sluis 260 $aAmsterdam ; New York :$bNorth-Holland,$cc1981 300 $axvi, 381 p. :$bill. ;$c24 cm 490 0 $aNorth-Holland mathematics studies,$x0304-0208 ;$v47 500 $aIncludes bibliographies 650 0$aDifferential equations 650 0$aDifferential equations$xCongresses 650 0$aPartial differential equations$xCongresses 700 1 $aSluis, Abraham :$cvan der 700 1 $aAxelsson, Owe 907 $a.b10742840$b23-02-17$c28-06-02 912 $a991000684139707536 945 $aLE013 35-XX AXE11 (1981)$g1$i2013000031286$lle013$o-$pE0.00$q-$rl$s- $t0$u0$v0$w0$x0$y.i10834278$z28-06-02 996 $aAnalytical and numerical approaches to asymptotic problems in analysis$9910812 997 $aUNISALENTO 998 $ale013$b01-01-95$cm$da $e-$feng$gne $h0$i1